[Event "15PCR_ZK5"]
[Site "?"]
[Date "2003.??.??"]
[Round "?"]
[White "Trs, Jan"]
[Black "Kubecek, Jan"]
[Result "1-0"]
[WhiteElo "2060"]
[BlackElo "1800"]
[PlyCount "37"]
[EventDate "2003.??.??"]
[EventType "corr"]
[EventRounds "2"]
[SourceDate "2004.??.??"]

1. e4 e5 2. Nf3 Nc6 3. Bb5 d6 4. d4 Bd7 5. Nc3 exd4 6. Nxd4 Nge7 7. O-O Nxd4 8.
Bxd7+ Qxd7 9. Qxd4 Nc6 10. Qc4 O-O-O 11. Be3 h5 12. Qa4 Kb8 13. b4 b6 14. b5
Ne7 15. Qc4 Qe6 16. Nd5 Rc8 17. a4 Nxd5 18. exd5 Qd7 19. a5 1-0

[Event "15PCR_ZK5"]
[Site "?"]
[Date "2003.??.??"]
[Round "?"]
[White "Brichacek, Milan"]
[Black "Petricek, Jiri"]
[Result "1-0"]
[WhiteElo "1800"]
[BlackElo "1875"]
[PlyCount "35"]
[EventDate "2003.??.??"]
[EventType "corr"]
[EventRounds "2"]
[SourceDate "2004.??.??"]

1. e4 e5 2. Nf3 Nf6 3. Nxe5 d6 4. Nf3 Nxe4 5. Nc3 Nxc3 6. dxc3 Be7 7. Bd3 d5 8.
O-O c6 9. Re1 O-O 10. Qe2 Re8 11. Ng5 g6 12. Nxh7 Kxh7 13. Qh5+ Kg8 14. Bxg6
fxg6 15. Qxg6+ Kh8 16. Re5 Bg4 17. Qxg4 Bg5 18. Qh5+ 1-0

[Event "15PCR_ZK5"]
[Site "?"]
[Date "2003.??.??"]
[Round "?"]
[White "Houdek, Vladimir"]
[Black "Dudek, Karel"]
[Result "1-0"]
[WhiteElo "2105"]
[BlackElo "1955"]
[PlyCount "51"]
[EventDate "2003.??.??"]
[EventType "corr"]
[EventRounds "2"]
[SourceDate "2004.??.??"]

1. c4 e5 2. Nc3 Nf6 3. Nf3 Nc6 4. g3 Bb4 5. Bg2 O-O 6. O-O e4 7. Ne1 Bxc3 8.
dxc3 h6 9. Nc2 b6 10. Ne3 Bb7 11. Qc2 Ne5 12. Bd2 d6 13. h3 Qd7 14. a4 Qe6 15.
b3 Rfe8 16. a5 Nc6 17. a6 Bc8 18. b4 Nb8 19. b5 Bd7 20. Rab1 Qe5 21. Rfd1 Bf5
22. Bc1 Nbd7 23. Qd2 Be6 24. Qd4 Rac8 25. Qxe5 Nd5 26. Qd4 1-0

[Event "15PCR_ZK5"]
[Site "?"]
[Date "2003.??.??"]
[Round "?"]
[White "Cvak, Rudolf"]
[Black "Kudr, Roman"]
[Result "1-0"]
[WhiteElo "1800"]
[BlackElo "1915"]
[PlyCount "41"]
[EventDate "2003.??.??"]
[EventType "corr"]
[EventRounds "2"]
[SourceDate "2004.??.??"]

1. e4 e6 2. d4 d5 3. Nc3 Bb4 4. e5 c5 5. a3 Bxc3+ 6. bxc3 Ne7 7. Qg4 O-O 8. Bd3
f5 9. exf6 Rxf6 10. Bg5 Rf7 11. Qh5 h6 12. Bh7+ Kxh7 13. Qxf7 hxg5 14. Nf3 Nf5
15. h4 gxh4 16. Nxh4 Nh6 17. Ng6 Nd7 18. Rxh6+ Kxh6 19. Ke2 Qf6 20. Rh1+ Kg5
21. Rh5+ 1-0

[Event "15PCR_ZK5"]
[Site "?"]
[Date "2003.??.??"]
[Round "?"]
[White "Kubecek, Jan"]
[Black "Kudr, Roman"]
[Result "1/2-1/2"]
[WhiteElo "1800"]
[BlackElo "1915"]
[PlyCount "38"]
[EventDate "2003.??.??"]
[EventType "corr"]
[EventRounds "2"]
[SourceDate "2004.??.??"]

1. e4 e5 2. Nf3 Nc6 3. Bb5 f5 4. Nc3 fxe4 5. Nxe4 Nf6 6. Qe2 d5 7. Nxe5 dxe4 8.
Nxc6 bxc6 9. Bxc6+ Bd7 10. Bxa8 Qxa8 11. d3 Bc5 12. f3 O-O 13. dxe4 Qc6 14. Bd2
Be6 15. b3 Bd6 16. O-O-O a5 17. Qd3 a4 18. Kb1 Nd7 19. Qc3 Qa6 1/2-1/2

[Event "15PCR_ZK5"]
[Site "?"]
[Date "2003.??.??"]
[Round "?"]
[White "Dudek, Karel"]
[Black "Cvak, Rudolf"]
[Result "0-1"]
[WhiteElo "1955"]
[BlackElo "1800"]
[PlyCount "48"]
[EventDate "2003.??.??"]
[EventType "corr"]
[EventRounds "2"]
[SourceDate "2004.??.??"]

1. e4 c5 2. f4 d5 3. exd5 Nf6 4. Bb5+ Nbd7 5. c4 a6 6. Bxd7+ Bxd7 7. Nf3 e6 8.
Qe2 Be7 9. dxe6 Bxe6 10. O-O O-O 11. Nc3 Re8 12. Ne5 Nd7 13. Qe4 Bf6 14. d3 b6
15. h3 g6 16. g4 h5 17. gxh5 Bxh3 18. hxg6 Nxe5 19. fxe5 Bxf1 20. Nd5 Rxe5 21.
Nxf6+ Qxf6 22. Qxa8+ Kg7 23. gxf7 Qg6+ 24. Kf2 Rf5+ 0-1

[Event "15PCR_ZK5"]
[Site "?"]
[Date "2003.??.??"]
[Round "?"]
[White "Petricek, Jiri"]
[Black "Houdek, Vladimir"]
[Result "0-1"]
[WhiteElo "1875"]
[BlackElo "2105"]
[PlyCount "44"]
[EventDate "2003.??.??"]
[EventType "corr"]
[EventRounds "2"]
[SourceDate "2004.??.??"]

1. e4 e5 2. Nf3 Nc6 3. Bb5 a6 4. Ba4 Nf6 5. c3 b5 6. Bc2 d5 7. exd5 Qxd5 8. O-O
Bg4 9. Bb3 Qd6 10. h3 Bh5 11. a4 b4 12. d4 O-O-O 13. Be3 e4 14. Qe2 Na5 15. Qc2
Nxb3 16. Qxb3 exf3 17. c4 fxg2 18. Kxg2 Ne4 19. f3 Qg3+ 20. Kh1 Qxh3+ 21. Kg1
Qg3+ 22. Kh1 Rd6 0-1

[Event "15PCR_ZK5"]
[Site "?"]
[Date "2003.??.??"]
[Round "?"]
[White "Trs, Jan"]
[Black "Brichacek, Milan"]
[Result "1/2-1/2"]
[WhiteElo "2060"]
[BlackElo "1800"]
[PlyCount "86"]
[EventDate "2003.??.??"]
[EventType "corr"]
[EventRounds "2"]
[SourceDate "2004.??.??"]

1. c4 e5 2. g3 Nf6 3. Bg2 Bc5 4. Nc3 c6 5. e3 d5 6. cxd5 Nxd5 7. d4 exd4 8.
Nxd5 cxd5 9. exd4 Bb6 10. Ne2 O-O 11. Nc3 Re8+ 12. Be3 Be6 13. O-O Nc6 14. Rc1
Qd7 15. Re1 Rac8 16. a3 Bg4 17. Qb3 Bxd4 18. Bxd4 Nxd4 19. Qxd5 Rxe1+ 20. Rxe1
Qxd5 21. Bxd5 Nf3+ 22. Bxf3 Bxf3 23. Re3 Bc6 24. b4 a6 25. f4 f6 26. Rd3 Kf7
27. h4 Ke6 28. g4 h5 29. Re3+ Kd6 30. gxh5 Rh8 31. Ne2 Rxh5 32. Ng3 Rh8 33. h5
Kd7 34. Kf2 b6 35. Nf5 Rxh5 36. Rd3+ Kc7 37. Nxg7 Rh2+ 38. Ke3 Rh3+ 39. Kd4
Rxd3+ 40. Kxd3 Kd7 41. Kd4 Bf3 42. Nf5 Bc6 43. Ne3 Kd6 1/2-1/2

[Event "15PCR_ZK5"]
[Site "?"]
[Date "2003.??.??"]
[Round "?"]
[White "Houdek, Vladimir"]
[Black "Trs, Jan"]
[Result "0-1"]
[WhiteElo "2105"]
[BlackElo "2060"]
[PlyCount "68"]
[EventDate "2003.??.??"]
[EventType "corr"]
[EventRounds "2"]
[SourceDate "2004.??.??"]

1. c4 e5 2. Nc3 Nc6 3. Nf3 Nf6 4. g3 Bb4 5. Bg2 O-O 6. O-O e4 7. Ne1 Bxc3 8.
dxc3 Re8 9. Nc2 d6 10. Ne3 Be6 11. Nd5 h6 12. Be3 a5 13. a4 Ne5 14. Nxf6+ Qxf6
15. b3 Qg6 16. Qc2 Ng4 17. Bxe4 Qh5 18. h4 Nxe3 19. fxe3 Qe5 20. Kh2 c6 21.
Rad1 d5 22. cxd5 cxd5 23. Bh7+ Kh8 24. Bf5 Rac8 25. Rd4 Qxe3 26. Rd3 Qe5 27.
Bxe6 Qxe6 28. e3 Rc5 29. Qf2 f6 30. Qf5 Qb6 31. Qg6 Rec8 32. c4 dxc4 33. Rd7
Rg8 34. bxc4 Rxc4 0-1

[Event "15PCR_ZK5"]
[Site "?"]
[Date "2003.??.??"]
[Round "?"]
[White "Cvak, Rudolf"]
[Black "Petricek, Jiri"]
[Result "1-0"]
[WhiteElo "1800"]
[BlackElo "1875"]
[PlyCount "79"]
[EventDate "2003.??.??"]
[EventType "corr"]
[EventRounds "2"]
[SourceDate "2004.??.??"]

1. e4 e6 2. d4 d5 3. Nc3 Nf6 4. Bg5 Be7 5. e5 Nfd7 6. h4 Bxg5 7. hxg5 Qxg5 8.
Nh3 Qe7 9. Nf4 Qb4 10. a3 Qb6 11. b4 Nc6 12. Nce2 Ne7 13. Ng3 Nf8 14. c4 dxc4
15. Bxc4 Bd7 16. Nfe2 Bc6 17. Rh2 Rc8 18. Qc2 a5 19. Rb1 Rd8 20. Bd3 axb4 21.
axb4 Nfg6 22. b5 Qa5+ 23. Kf1 Bd5 24. Rc1 Nf4 25. Nxf4 c6 26. Nxd5 Rxd5 27. Ne4
O-O 28. Nc3 h6 29. Nxd5 exd5 30. Rb1 cxb5 31. Qc5 Qd2 32. Rh3 Nc6 33. Qxd5 Rd8
34. Qxb5 Nxd4 35. Qxb7 Qf4 36. Qe7 Nc6 37. Qc7 Rxd3 38. Rxd3 Nxe5 39. Rd8+ Kh7
40. Qc2+ 1-0

[Event "15PCR_ZK5"]
[Site "?"]
[Date "2003.??.??"]
[Round "?"]
[White "Kudr, Roman"]
[Black "Dudek, Karel"]
[Result "0-1"]
[WhiteElo "1915"]
[BlackElo "1955"]
[PlyCount "84"]
[EventDate "2003.??.??"]
[EventType "corr"]
[EventRounds "2"]
[SourceDate "2004.??.??"]

1. d4 d5 2. c4 e6 3. Nc3 c6 4. Nf3 dxc4 5. a4 Bb4 6. e3 b5 7. Bd2 Bb7 8. b3 a5
9. bxc4 Bxc3 10. Bxc3 b4 11. Bb2 Nd7 12. d5 Ngf6 13. dxc6 Bxc6 14. Nd4 Bb7 15.
Nb3 O-O 16. f3 Qc7 17. Be2 Rfd8 18. Qc2 e5 19. Kf2 Nc5 20. Nxc5 Qxc5 21. Rhd1
Rxd1 22. Rxd1 Bc6 23. Qd3 Bxa4 24. Qd6 Qxd6 25. Rxd6 Ne8 26. Rb6 f6 27. f4 Rd8
28. Ke1 exf4 29. exf4 Bd7 30. c5 Rc8 31. Bd4 Nc7 32. Kd2 Kf8 33. Rd6 Ke7 34.
Bc4 Rd8 35. Kc1 Bb5 36. Rxd8 Kxd8 37. Bg8 h6 38. Kb2 a4 39. g4 Kd7 40. h4 Bc6
41. g5 Bd5 42. Bh7 a3+ 0-1

[Event "15PCR_ZK5"]
[Site "?"]
[Date "2003.??.??"]
[Round "?"]
[White "Kubecek, Jan"]
[Black "Dudek, Karel"]
[Result "0-1"]
[WhiteElo "1800"]
[BlackElo "1955"]
[PlyCount "52"]
[EventDate "2003.??.??"]
[EventType "corr"]
[EventRounds "2"]
[SourceDate "2004.??.??"]

1. d4 Nf6 2. c4 e6 3. Nf3 b6 4. a3 Bb7 5. Nc3 d5 6. cxd5 Nxd5 7. e3 g6 8. Bd2
Bg7 9. Be2 O-O 10. O-O c5 11. dxc5 bxc5 12. Qc2 Nd7 13. Rac1 Rc8 14. Rfd1 Qc7
15. Nb5 Qb6 16. e4 N5f6 17. Nc3 Bc6 18. b3 Qb7 19. Bf4 Rfe8 20. Nd2 Red8 21. g4
Nb6 22. Be3 Nfd7 23. Bg5 Re8 24. f3 Bd4+ 25. Kg2 a6 26. Bf1 e5 0-1

[Event "15PCR_ZK5"]
[Site "?"]
[Date "2003.??.??"]
[Round "?"]
[White "Petricek, Jiri"]
[Black "Kudr, Roman"]
[Result "0-1"]
[WhiteElo "1875"]
[BlackElo "1915"]
[PlyCount "56"]
[EventDate "2003.??.??"]
[EventType "corr"]
[EventRounds "2"]
[SourceDate "2004.??.??"]

1. c4 Nf6 2. Nc3 b6 3. d4 e6 4. e4 d6 5. Bd3 Bb7 6. Bg5 Be7 7. Nf3 c5 8. dxc5
dxc5 9. e5 Ng8 10. Nb5 f6 11. Bf4 Na6 12. Qa4 Kf8 13. Nd6 Bxf3 14. gxf3 fxe5
15. Bxe5 Bxd6 16. Bxg7+ Kxg7 17. O-O-O Nb4 18. Be4 Qe8 19. Qa3 Rd8 20. f4 Nf6
21. Rhg1+ Kf7 22. Qxa7+ Rd7 23. Qxb6 Nxe4 24. a3 Bxf4+ 25. Kb1 Rxd1+ 26. Rxd1
Nd2+ 27. Ka1 Qd7 28. Rxd2 Qxd2 0-1

[Event "15PCR_ZK5"]
[Site "?"]
[Date "2003.??.??"]
[Round "?"]
[White "Trs, Jan"]
[Black "Cvak, Rudolf"]
[Result "1-0"]
[WhiteElo "2060"]
[BlackElo "1800"]
[PlyCount "71"]
[EventDate "2003.??.??"]
[EventType "corr"]
[EventRounds "2"]
[SourceDate "2004.??.??"]

1. c4 Nf6 2. Nc3 e5 3. Nf3 Nc6 4. g3 Bb4 5. Bg2 O-O 6. O-O e4 7. Ne1 Bxc3 8.
dxc3 h6 9. Nc2 Re8 10. Ne3 d6 11. Qc2 Re5 12. f4 exf3 13. exf3 Re8 14. Bd2 d5
15. cxd5 Nxd5 16. Rfe1 Be6 17. f4 Nxe3 18. Bxe3 Qf6 19. Bxc6 bxc6 20. Bd4 Qd8
21. f5 Bd7 22. Qd3 a5 23. f6 Be6 24. Qf1 g5 25. Re5 Qd7 26. Qe1 Bh3 27. Re7
Rxe7 28. fxe7 Qe6 29. Rd1 Bg4 30. Qxe6 fxe6 31. Rf1 Bh5 32. Rf6 e5 33. Bxe5 Re8
34. Rxh6 Rxe7 35. Rxh5 Rxe5 36. h4 1-0

[Event "15PCR_ZK5"]
[Site "?"]
[Date "2003.??.??"]
[Round "?"]
[White "Brichacek, Milan"]
[Black "Houdek, Vladimir"]
[Result "1/2-1/2"]
[WhiteElo "1800"]
[BlackElo "2105"]
[PlyCount "42"]
[EventDate "2003.??.??"]
[EventType "corr"]
[EventRounds "2"]
[SourceDate "2004.??.??"]

1. e4 e5 2. Nf3 Nc6 3. Bc4 Nf6 4. d3 Be7 5. O-O O-O 6. Nc3 d6 7. a3 Bg4 8. h3
Bxf3 9. Qxf3 Nd4 10. Qd1 c6 11. Ne2 Ne6 12. Bxe6 fxe6 13. Ng3 d5 14. Be3 Qe8
15. c3 Qg6 16. Qb3 b5 17. a4 a6 18. Rfc1 Nd7 19. axb5 axb5 20. Rxa8 Rxa8 21.
Qd1 Bh4 1/2-1/2

[Event "15PCR_ZK5"]
[Site "?"]
[Date "2003.??.??"]
[Round "?"]
[White "Houdek, Vladimir"]
[Black "Kubecek, Jan"]
[Result "1-0"]
[WhiteElo "2105"]
[BlackElo "1800"]
[PlyCount "52"]
[EventDate "2003.??.??"]
[EventType "corr"]
[EventRounds "2"]
[SourceDate "2004.??.??"]

1. c4 e5 2. Nc3 Bb4 3. Nd5 Ba5 4. b4 c6 5. bxa5 cxd5 6. cxd5 Qxa5 7. e4 Nf6 8.
f3 O-O 9. Bb2 d6 10. Bc3 Qd8 11. d4 Nfd7 12. dxe5 Nxe5 13. f4 Ng6 14. Qd4 f6
15. Ne2 Re8 16. h4 h6 17. h5 Ne7 18. Rb1 b6 19. Rh4 Nd7 20. g4 Nc5 21. Ng3 Bd7
22. Kf2 Na4 23. Bd2 Rc8 24. g5 fxg5 25. fxg5 Rf8+ 26. Kg1 hxg5 1-0

[Event "15PCR_ZK5"]
[Site "?"]
[Date "2003.??.??"]
[Round "?"]
[White "Cvak, Rudolf"]
[Black "Brichacek, Milan"]
[Result "0-1"]
[WhiteElo "1800"]
[BlackElo "1800"]
[PlyCount "102"]
[EventDate "2003.??.??"]
[EventType "corr"]
[EventRounds "2"]
[SourceDate "2004.??.??"]

1. e4 d5 2. exd5 Nf6 3. d4 Nxd5 4. c4 Nf6 5. Nf3 e6 6. Nc3 Be7 7. Be2 O-O 8.
O-O Nc6 9. Bf4 a6 10. Re1 Nh5 11. Be3 Nf6 12. a3 Ng4 13. Bf4 Bd6 14. Bxd6 cxd6
15. Rc1 Nf6 16. d5 exd5 17. cxd5 Ne5 18. Nxe5 dxe5 19. Bf3 Qd6 20. b4 Bf5 21.
Qd2 Rfe8 22. Qg5 Bd3 23. Qg3 Bg6 24. Red1 Rac8 25. Qh3 Rc7 26. Be2 Rd8 27. Qe3
b5 28. Bf3 h6 29. Be2 Rdc8 30. h3 Kh8 31. Kh1 Bf5 32. Bf3 Bh7 33. Be2 e4 34.
Qd4 Bf5 35. Bf1 Kg8 36. Qe3 g5 37. Qd4 g4 38. Be2 gxh3 39. gxh3 Kh7 40. Rg1 Bg6
41. Rgd1 Qf4 42. d6 Rc6 43. Rd2 Qh4 44. Qe3 Bf5 45. Bf1 Bg4 46. Qg3 Bf3+ 47.
Kh2 Qxg3+ 48. fxg3 Rxc3 49. Rxc3 Rxc3 50. d7 Nxd7 51. Rxd7 Rc1 0-1

[Event "15PCR_ZK5"]
[Site "?"]
[Date "2003.??.??"]
[Round "?"]
[White "Kudr, Roman"]
[Black "Trs, Jan"]
[Result "0-1"]
[WhiteElo "1915"]
[BlackElo "2060"]
[PlyCount "52"]
[EventDate "2003.??.??"]
[EventType "corr"]
[EventRounds "2"]
[SourceDate "2004.??.??"]

1. d4 Nf6 2. Nf3 g6 3. c4 Bg7 4. Nc3 O-O 5. g3 c5 6. Bg2 d6 7. O-O Nc6 8. dxc5
dxc5 9. Be3 Qa5 10. Qa4 Qxa4 11. Nxa4 b6 12. Nd2 Bd7 13. Bg5 h6 14. Bxf6 Bxf6
15. Ne4 Bg7 16. Rac1 Na5 17. Nec3 Rad8 18. b3 Bxa4 19. Nxa4 Rd2 20. Nc3 Rfd8
21. Bf3 Bxc3 22. Rxc3 Rxa2 23. Rb1 Rdd2 24. b4 cxb4 25. Rxb4 Rdc2 26. Re3 Kf8
0-1

[Event "15PCR_ZK5"]
[Site "?"]
[Date "2003.??.??"]
[Round "?"]
[White "Dudek, Karel"]
[Black "Petricek, Jiri"]
[Result "0-1"]
[WhiteElo "1955"]
[BlackElo "1875"]
[PlyCount "22"]
[EventDate "2003.??.??"]
[EventType "corr"]
[EventRounds "2"]
[SourceDate "2004.??.??"]

1. e4 e6 2. d4 d5 3. e5 c5 4. c3 Bd7 5. Nf3 c4 6. b3 Bb5 7. bxc4 dxc4 8. Nbd2
Qa5 9. Bb2 Ba3 10. Bxa3 Qxc3 11. Qc2 Qxc2 0-1

[Event "15PCR_ZK5"]
[Site "?"]
[Date "2003.??.??"]
[Round "?"]
[White "Kubecek, Jan"]
[Black "Petricek, Jiri"]
[Result "1-0"]
[WhiteElo "1800"]
[BlackElo "1875"]
[PlyCount "41"]
[EventDate "2003.??.??"]
[EventType "corr"]
[EventRounds "2"]
[SourceDate "2004.??.??"]

1. d4 d5 2. c4 c6 3. Nc3 e6 4. Nf3 Nf6 5. e3 Nbd7 6. Qc2 Bd6 7. e4 dxe4 8. Nxe4
Nxe4 9. Qxe4 e5 10. c5 Bc7 11. Bc4 Qf6 12. Ng5 Ba5+ 13. Kf1 h6 14. Nxf7 b5 15.
dxe5 Nxc5 16. exf6+ Nxe4 17. fxg7 Rg8 18. Nd6+ Nxd6 19. Bxg8 Nf5 20. Bd5 Nxg7
21. Bxc6+ 1-0

[Event "15PCR_ZK5"]
[Site "?"]
[Date "2003.??.??"]
[Round "?"]
[White "Trs, Jan"]
[Black "Dudek, Karel"]
[Result "1-0"]
[WhiteElo "2060"]
[BlackElo "1955"]
[PlyCount "53"]
[EventDate "2003.??.??"]
[EventType "corr"]
[EventRounds "2"]
[SourceDate "2004.??.??"]

1. e4 d5 2. exd5 Nf6 3. Bb5+ Bd7 4. Bc4 Bg4 5. f3 Bc8 6. Nc3 Nbd7 7. Nge2 Nb6
8. Bb3 Nbxd5 9. d4 e6 10. Ne4 Be7 11. O-O O-O 12. c4 Nb4 13. a3 Nc6 14. Be3 b6
15. Bc2 Ba6 16. Qd3 g6 17. b4 Bb7 18. Rad1 Nxe4 19. fxe4 Bg5 20. e5 Bxe3+ 21.
Qxe3 Qe7 22. Rf6 a5 23. Ng3 axb4 24. Qh6 Rfd8 25. Nh5 Qf8 26. Rxg6+ fxg6 27.
Nf6+ 1-0

[Event "15PCR_ZK5"]
[Site "?"]
[Date "2003.??.??"]
[Round "?"]
[White "Brichacek, Milan"]
[Black "Kudr, Roman"]
[Result "1-0"]
[WhiteElo "1800"]
[BlackElo "1915"]
[PlyCount "97"]
[EventDate "2003.??.??"]
[EventType "corr"]
[EventRounds "2"]
[SourceDate "2004.??.??"]

1. e4 e5 2. Nf3 Nc6 3. Bc4 Bc5 4. Nc3 Nf6 5. d3 d6 6. Na4 Bb6 7. c3 Be6 8. Bxe6
fxe6 9. Qb3 Qd7 10. Ng5 Nd8 11. O-O h6 12. Nxb6 axb6 13. Nh3 O-O 14. Be3 Qa4
15. Qxa4 Rxa4 16. f3 Nc6 17. Nf2 Rfa8 18. a3 b5 19. Rac1 Na5 20. Ng4 Nxg4 21.
fxg4 Nb3 22. Rce1 Re8 23. g5 hxg5 24. Bxg5 Raa8 25. Re3 Rf8 26. Rg3 Rxf1+ 27.
Kxf1 Rf8+ 28. Ke1 Nc5 29. h4 Na4 30. Bc1 Rf7 31. h5 d5 32. Ke2 dxe4 33. dxe4
Nc5 34. Rg5 Nxe4 35. Rxe5 Ng3+ 36. Kd3 c6 37. Be3 Rd7+ 38. Bd4 b6 39. Kc2 c5
40. Bf2 Nf1 41. Re2 Rd5 42. g4 Nh2 43. Bxc5 Nxg4 44. Bxb6 Kf7 45. Bd4 Rxh5 46.
Kb3 Nf6 47. Re5 Rxe5 48. Bxe5 Ne4 49. Kb4 1-0

[Event "15PCR_ZK5"]
[Site "?"]
[Date "2003.??.??"]
[Round "?"]
[White "Houdek, Vladimir"]
[Black "Cvak, Rudolf"]
[Result "1/2-1/2"]
[WhiteElo "2105"]
[BlackElo "1800"]
[PlyCount "92"]
[EventDate "2003.??.??"]
[EventType "corr"]
[EventRounds "2"]
[SourceDate "2004.??.??"]

1. c4 Nf6 2. Nc3 e5 3. Nf3 Nc6 4. g3 Bb4 5. Bg2 O-O 6. O-O e4 7. Ne1 Bxc3 8.
dxc3 h6 9. Nc2 Re8 10. Ne3 d6 11. Qc2 Re5 12. f4 exf3 13. exf3 Re8 14. Bd2 d5
15. cxd5 Nxd5 16. Rfe1 Be6 17. f4 Nxe3 18. Bxe3 Qf6 19. Qa4 Bd7 20. Rad1 Bg4
21. Rd2 a6 22. h3 Bf5 23. g4 b5 24. Qd1 Be4 25. Bd4 Nxd4 26. Bxe4 Nc6 27. Qf3
Re6 28. a3 Rae8 29. Rde2 Nd8 30. Qg3 R6e7 31. g5 Qb6+ 32. Kh1 Kf8 33. Qg4 Qd6
34. h4 c5 35. f5 Re5 36. Qg3 Kg8 37. b4 c4 38. Kg1 Kh8 39. Qg4 f6 40. gxh6 gxh6
41. Rg2 Qf8 42. Ree2 Nf7 43. Bd5 Rxe2 44. Rxe2 Ne5 45. Qe4 Qg7+ 46. Rg2 Qd7
1/2-1/2

[Event "15PCR_ZK5"]
[Site "?"]
[Date "2003.??.??"]
[Round "?"]
[White "Cvak, Rudolf"]
[Black "Kubecek, Jan"]
[Result "1-0"]
[WhiteElo "1800"]
[BlackElo "1800"]
[PlyCount "71"]
[EventDate "2003.??.??"]
[EventType "corr"]
[EventRounds "2"]
[SourceDate "2004.??.??"]

1. e4 c5 2. Nf3 d6 3. d4 cxd4 4. Nxd4 Nc6 5. Nc3 Nf6 6. Bg5 e6 7. Qd2 h6 8.
Bxf6 gxf6 9. O-O-O a6 10. f4 Bd7 11. Kb1 Nxd4 12. Qxd4 Be7 13. h3 Qa5 14. g4
O-O-O 15. Bg2 Kb8 16. Qd3 Rc8 17. h4 Rhg8 18. Bh3 Rc5 19. Qd2 h5 20. g5 Bc6 21.
Rhe1 Qc7 22. f5 exf5 23. Bxf5 fxg5 24. hxg5 Rxg5 25. Rg1 Rxg1 26. Rxg1 Bf6 27.
Rg3 Ka7 28. Rd3 Bxc3 29. Rxc3 Rxc3 30. Qxc3 Qb6 31. a3 d5 32. e5 h4 33. e6 fxe6
34. Bxe6 Qg1+ 35. Ka2 Qf2 36. Qb4 1-0

[Event "15PCR_ZK5"]
[Site "?"]
[Date "2003.??.??"]
[Round "?"]
[White "Kudr, Roman"]
[Black "Houdek, Vladimir"]
[Result "1/2-1/2"]
[WhiteElo "1915"]
[BlackElo "2105"]
[PlyCount "37"]
[EventDate "2003.??.??"]
[EventType "corr"]
[EventRounds "2"]
[SourceDate "2004.??.??"]

1. d4 d5 2. Nf3 Nf6 3. c4 dxc4 4. e3 e6 5. Bxc4 c5 6. O-O a6 7. dxc5 Qxd1 8.
Rxd1 Bxc5 9. a3 b5 10. Be2 Bb7 11. b4 Be7 12. Bb2 Nbd7 13. Nbd2 O-O 14. Rac1
Rac8 15. Ne5 Nxe5 16. Bxe5 Rfd8 17. Nf1 Rxd1 18. Rxc8+ Bxc8 19. Bxd1 1/2-1/2

[Event "15PCR_ZK5"]
[Site "?"]
[Date "2003.??.??"]
[Round "?"]
[White "Dudek, Karel"]
[Black "Brichacek, Milan"]
[Result "0-1"]
[WhiteElo "1955"]
[BlackElo "1800"]
[PlyCount "110"]
[EventDate "2003.??.??"]
[EventType "corr"]
[EventRounds "2"]
[SourceDate "2004.??.??"]

1. e4 e6 2. d4 d5 3. e5 c5 4. c3 Nc6 5. Nf3 Qb6 6. Be2 cxd4 7. cxd4 Nge7 8. Nc3
Nf5 9. Na4 Bb4+ 10. Bd2 Qa5 11. Bc3 Bxc3+ 12. Nxc3 Qb6 13. Bb5 Bd7 14. Bxc6
Bxc6 15. Qd2 Bb5 16. Rc1 O-O 17. Nxb5 Qxb5 18. Rc5 Qa6 19. Ra5 Qc4 20. b3 Qc6
21. O-O b6 22. Ra6 Qb5 23. Ra4 Rfc8 24. Rc1 a5 25. h3 Rc6 26. Rxc6 Qxc6 27. g4
Ne7 28. Ra3 Rc8 29. Kg2 Qb5 30. Ra4 Nc6 31. Ne1 Qa6 32. Nc2 Qb7 33. b4 axb4 34.
Nxb4 Na5 35. Nd3 Qd7 36. Rb4 Nc4 37. Qd1 Qe7 38. Qc1 Qd8 39. Qd1 Qg5 40. Qe2
Ra8 41. a4 Qe7 42. Qd1 h6 43. Qb3 Rc8 44. Qd1 Qg5 45. Qe2 Rc6 46. Nb2 Qe7 47.
Nd3 Qc7 48. Ne1 Qa7 49. Qd3 Qa5 50. Qb1 Nd2 51. Qb2 Ne4 52. Nf3 Rc2 53. Qxc2
Qxb4 54. Qc8+ Kh7 55. Qc2 Qc4 0-1

[Event "15PCR_ZK5"]
[Site "?"]
[Date "2003.??.??"]
[Round "?"]
[White "Petricek, Jiri"]
[Black "Trs, Jan"]
[Result "0-1"]
[WhiteElo "1875"]
[BlackElo "2060"]
[PlyCount "48"]
[EventDate "2003.??.??"]
[EventType "corr"]
[EventRounds "2"]
[SourceDate "2004.??.??"]

1. e4 c6 2. d4 d5 3. Nc3 dxe4 4. Nxe4 Nd7 5. Bc4 Ngf6 6. Nxf6+ Nxf6 7. c3 Qc7
8. Qb3 e6 9. Nf3 a6 10. Ng5 c5 11. dxc5 Bxc5 12. O-O b5 13. Be2 Bb7 14. a4 Bd5
15. Qc2 b4 16. Bd2 h6 17. Nf3 Ng4 18. g3 O-O 19. Ne1 b3 20. Qd3 Nxf2 21. Rxf2
Qa7 22. Kf1 Bxf2 23. Rc1 Bg1 24. Be3 Bxe3 0-1

[Event "15PCR_ZK5"]
[Site "?"]
[Date "2003.??.??"]
[Round "?"]
[White "Kubecek, Jan"]
[Black "Trs, Jan"]
[Result "0-1"]
[WhiteElo "1800"]
[BlackElo "2060"]
[PlyCount "34"]
[EventDate "2003.??.??"]
[EventType "corr"]
[EventRounds "2"]
[SourceDate "2004.??.??"]

1. c4 e5 2. Nc3 Nc6 3. g3 g6 4. Bg2 Bg7 5. Nf3 Nge7 6. O-O O-O 7. Rb1 d6 8. d3
Nd4 9. b4 Bg4 10. Nxd4 exd4 11. Ne4 d5 12. Nc5 b6 13. Nb3 Qd7 14. Bb2 dxc4 15.
dxc4 Rad8 16. Qd2 Rfe8 17. Ba1 Bh3 0-1

[Event "15PCR_ZK5"]
[Site "?"]
[Date "2003.??.??"]
[Round "?"]
[White "Petricek, Jiri"]
[Black "Brichacek, Milan"]
[Result "0-1"]
[WhiteElo "1875"]
[BlackElo "1800"]
[PlyCount "66"]
[EventDate "2003.??.??"]
[EventType "corr"]
[EventRounds "2"]
[SourceDate "2004.??.??"]

1. c4 e5 2. Nc3 Nc6 3. Nf3 Nf6 4. d4 exd4 5. Nb5 Bb4+ 6. Bd2 Bc5 7. Bf4 Bb4+ 8.
Bd2 Bxd2+ 9. Qxd2 O-O 10. Nfxd4 Nxd4 11. Nxd4 d5 12. e3 c5 13. Nf3 Ne4 14. Qc2
Qa5+ 15. Nd2 Bf5 16. Bd3 Rad8 17. O-O Qxd2 18. Qxd2 Nxd2 19. Rfd1 Bxd3 20. Rxd2
dxc4 21. a4 Rd6 22. e4 f5 23. e5 Rd4 24. Re1 Re4 25. Rxe4 fxe4 26. h3 Kf7 27.
f3 e3 28. Rd1 Ke6 29. Re1 e2 30. Kf2 Kxe5 31. g3 Kd4 32. f4 c3 33. b3 c2 0-1

[Event "15PCR_ZK5"]
[Site "?"]
[Date "2003.??.??"]
[Round "?"]
[White "Dudek, Karel"]
[Black "Houdek, Vladimir"]
[Result "0-1"]
[WhiteElo "1955"]
[BlackElo "2105"]
[PlyCount "42"]
[EventDate "2003.??.??"]
[EventType "corr"]
[EventRounds "2"]
[SourceDate "2004.??.??"]

1. Nf3 d5 2. c4 e6 3. d4 Nf6 4. Nc3 c6 5. e3 Nbd7 6. Qc2 Bd6 7. Bd2 O-O 8.
O-O-O c5 9. cxd5 exd5 10. Kb1 c4 11. h3 Re8 12. g4 a6 13. g5 Ne4 14. Nxe4 dxe4
15. Ne1 Qxg5 16. Bxc4 Nb6 17. Bb3 Bd7 18. h4 Qh5 19. Bc3 a5 20. a3 a4 21. Ba2
Nd5 0-1

[Event "15PCR_ZK5"]
[Site "?"]
[Date "2003.??.??"]
[Round "?"]
[White "Kudr, Roman"]
[Black "Cvak, Rudolf"]
[Result "1/2-1/2"]
[WhiteElo "1915"]
[BlackElo "1800"]
[PlyCount "78"]
[EventDate "2003.??.??"]
[EventType "corr"]
[EventRounds "2"]
[SourceDate "2004.??.??"]

1. d4 Nf6 2. c4 e6 3. Nf3 Bb4+ 4. Bd2 Qe7 5. g3 Nc6 6. Bg2 Bxd2+ 7. Nbxd2 d6 8.
O-O a5 9. e4 e5 10. d5 Nb8 11. Ne1 O-O 12. Nd3 Na6 13. a3 Bg4 14. f3 Bd7 15. f4
Bg4 16. Qe1 exf4 17. Rxf4 Rfe8 18. h3 Bd7 19. Qf2 b5 20. Re1 Rab8 21. e5 dxe5
22. Rxe5 Qd8 23. Rxe8+ Bxe8 24. Qa7 bxc4 25. Nxc4 Bb5 26. Nxa5 Ra8 27. Qe3 Nxd5
28. Bxd5 Qxd5 29. Qf3 Rd8 30. Qxd5 Rxd5 31. Nf2 g5 32. Re4 f5 33. Re7 h5 34.
Kg2 h4 35. gxh4 gxh4 36. Kf3 Bd7 37. Nc4 Bc6 38. Ke3 f4+ 39. Ke2 Bb5 1/2-1/2